| 000 | 00482nam a2200181Ia 4500 | ||
|---|---|---|---|
| 005 | 20140405092521.0 | ||
| 008 | 140130s9999 xx 000 0 und d | ||
| 020 | _a059010294x | ||
| 050 |
_aPZ 8.1 _b.Aa213 1975 |
||
| 100 |
_aAardema, Verna _921651 |
||
| 245 |
_cVerna Aardema. _aWhy mosquitoes buzz in people's ears / |
||
| 260 |
_bScholastic, _aUSA : _c1975. |
||
| 300 |
_a28 p. : _bcol. ill. ; _c21 cm. |
||
| 521 | _aG5 | ||
| 526 | _c770 | ||
| 942 |
_cBK _2lcc |
||
| 999 |
_c41113 _d41113 |
||